| 000 | 00660 a2200241 4500 | ||
|---|---|---|---|
| 001 | 105120 | ||
| 041 | _apor | ||
| 090 | _aR 346 BRA | ||
| 092 | _a90745077 | ||
| 250 | _a. ed. | ||
| 300 | _a110 p. | ||
| 697 | _aChildren's rights - Brazil. | ||
| 697 | _aGuardian and ward - Brazil. | ||
| 697 | _aJuvenile justice, Administration of - Brazil. | ||
| 697 | _aMinors - Brazil. | ||
| 697 | _aParent and child (Law) - Brazil. | ||
| 700 | _aBrazil. | ||
| 856 | _u000007/0000076b.jpeg | ||
| 040 |
_aBR-BrIDEA _cBR-BrIDEA |
||
| 245 | 1 | 0 |
_aEstatuto da criança e do adolescente _cBrazil |
| 260 |
_a[S.l.] _bPresidência da República _c1991 |
||
| 942 | _cBK | ||
| 999 |
_c105120 _d105120 |
||